000 00532nam a22001817a 4500
003 BD-DhUIB
005 20260518194921.0
008 260518b |||||||| |||| 00| 0 eng d
020 _a9780198292159
040 _aBD-DhUIB
_cBD-DhUIB
082 _222
100 _aAoki, Masahiko.
_91116
245 _aThe Japanese firm :
_bthe sources f competitive strength/
_cby Masahiko Aoki and Ronald Dore.
260 _aNew york.
_bOxford University Press.
_cc1994
300 _axi,410p. :
_billus. ;
_c23cm.
526 _aMBA
942 _2ddc
_cBK
999 _c712
_d712